000 01147nac a22003377a 4500
001 BR8107376
003 BR-BrBNA
005 20240105115129.0
008 230509b bl.|||m| |||| 00| 0 por d
040 _aBR-BrBNA
_bpor
_cBiblioteca Nacional de Agricultura
072 _aE70; F00; L00
090 _a0150 BR8107376
110 1 _aComissao Estadual de Planejamento Agricola de Rondonia, Porto Velho (Brasil)
_92033
245 1 _aAcompanhamento conjuntural da agropecuaria de Rondonia, maio 1981 [Comissao Estadual de Planejamento Agricola de Rondonia, Brasil]
260 3 _aPorto Velho, RO (Brasil):
_c1981.
300 _a34 p.
490 _aAcompanhamento Conjuntural da Agropecuaria de Rondonia - Comissao Estadual de Planejamento Agricola de Rondonia (Brazil)
_vv. 1(5)
_x
650 _aARROZ
650 _aFEIJAO
650 _aMANDIOCA
650 _aMILHO
650 _aBOVINO
650 _aSUINO
650 _aSAFRA
650 _aESTATISTICA DE PRODUCAO
650 _aESTATISTICA COMERCIAL
650 _aABASTECIMENTO
650 _aRONDONIA
909 _a202312
_bLúcia Elande
_c55
_dLúcia Elande
942 _2AGRIS
_n0
_cMS
999 _c273226
_d273226